000 00492nam a2200181Ia 4500
008 090124s9999 xx 000 0 und d
082 _b113685
100 _aधुरी गुरुनाथ
245 _a ग्लोरिया
250 _a1
260 _c1970
300 _a124
600 _aधुरी गुरुनाथ
630 _a ग्लोरिया
700 _aधुरी गुरुनाथ
730 _a ग्लोरिया
942 _cBOOK
999 _c159776
_d159776